Statistics for 2014-15 NFL Playoffs

Click here to take the quiz!

General Stats

  • This quiz has been taken 340 times
  • The average score is 11 of 12

Answers on the Map

Answers color-coded by a green-red scale on the quiz's map according to % correct below.
Loading ...
 

Answer Stats

Team% Correct
New England Patriots
99%
Seattle Seahawks
98%
Green Bay Packers
97%
Dallas Cowboys
90%
Indianapolis Colts
90%
Pittsburgh Steelers
90%
Denver Broncos
89%
Baltimore Ravens
86%
Carolina Panthers
85%
Arizona Cardinals
80%
Cincinnati Bengals
77%
Detroit Lions
76%

Score Distribution

Percentile by Number Answered

Percent of People with Each Score

Your Score History

You have not taken this quiz